=LDR 00000nam 2200000 4500 =001 INLIS000000000042888 =005 20131008015712 =008 ***********************************ind** =035 ##$$a0010-101300000000810 =041 ##$$a ind =082 ##$$a 2x4.12 =090 ##$$a 2x4.12, Mit k =100 ##$$a Mitsly, Lubna =245 ##$$a kesalahan2 yang sering dilakukan dalam sholat =260 ##$$a 2011 $b Yogyakarta =300 ##$$a 176 hlm., ilus., 21 cm =650 ##$$a shalat =850 ##$$a NBPNMAT =990 ##$$a 0001/BPAP-NTB/20142014